Majority English-Speaking Countries - Statistics

General Stats
  • This quiz has been taken 42 times
    29 since last reset
  • The average score is 31 of 46
Answer Stats
Country % Correct
United Kingdom
100%
United States
100%
Canada
96%
Dominica
91%
Ireland
91%
Australia
87%
Jamaica
87%
Saint Kitts and Nevis
87%
Antigua and Barbuda
83%
New Zealand
83%
Singapore
83%
Trinidad and Tobago
83%
Bahamas
78%
Barbados
78%
Belize
78%
Grenada
78%
Saint Vincent and the Grenadines
78%
Germany
74%
Malta
74%
Sweden
74%
Denmark
70%
Finland
70%
Guyana
70%
Nigeria
70%
Norway
70%
Austria
65%
Israel
65%
Malaysia
65%
Netherlands
65%
Belgium
61%
Ghana
61%
Nauru
61%
Luxembourg
57%
Marshall Islands
57%
Palau
57%
Federated States of Micronesia
52%
Sierra Leone
52%
Switzerland
52%
Vanuatu
52%
Estonia
48%
Liberia
48%
Cyprus
43%
Greece
43%
Philippines
39%
Suriname
39%
Slovenia
35%
No matching quizzes found
Score Distribution
Percent of People with Each Score
Percentile by Number Answered
Your Score History
You have not taken this quiz since the last reset